000 03270cam a22005414a 4500
001 ocn156832007
003 TZ-ArACH
005 20130514111033.0
008 080807s2008 enka b 001 0 eng
010 _a 2008276137
015 _aGBA786845
_2bnb
015 _aGBA786845
_2dnb
016 7 _a014200443
_2Uk
020 _a9781842779507 (pb)
020 _a1842779508 (pb)
024 1 _a40015655215
035 _a(OCoLC)156832007
_z(OCoLC)170955141
_z(OCoLC)497019518
040 _aDLC
_beng
_cTZ-ArACH
_dUKM
_dBTCTA
_dYDXCP
_dBAKER
_dBWKUK
_dBWK
_dBWX
_dCOO
_dYUS
_dVP@
_dCRH
_dMUQ
_dIG#
_dCPE
_dBTN
_dKAAUA
_dGEBAY
_dSTF
_dSHS
_dHEBIS
_dALAUL
_dDEBBG
_dOCLCQ
041 _aEng
042 _apcc
043 _af-sj---
049 _aTZAA
050 0 0 _aDT157.673
_b.F58
082 0 0 _a962.704/3
_222
100 1 _aFlint, Julie.
_910269
245 1 0 _aDarfur : a new history of a long war /
_ba new history of a long war /
_cJulie Flint & Alex de Waal.
250 _aRev. & updated ed.
260 _aLondon ;
_aNew York :
_bZed Books ;
_aNew York :
_bDistributed in the USA exclusively by Palgrave Macmillan,
_c2008.
300 _a320 p. :
_bill. ;
_c21 cm.
490 1 _aAfrican arguments
504 _aIncludes bibliographical references and index.
505 0 _aMaps : Sudan ; Darfur -- 1. The people of Darfur -- 2. The Sudan government -- 3. The Janjawiid -- 4. The rebels -- 5. A war of total destruction, 2003-04 -- 6. Wars within wars, 2005-06 -- 7. International reaction -- 8. The Abuja peace talks -- 9. Endless chaos -- Chronology -- Glossary -- Dramatis personae.
520 1 _a"Written by two authors with unparalleled first-hand experience of Darfur, this book is the definitive guide. Newly updated and hugely expanded, this edition details Darfur's history. It traces the origins, organization and ideology of the infamous Janjawiid and rebel groups. It also analyses the brutal response of the Sudanese government. The authors investigate the responses by the African Union and the international community, including the halting peace talks and the attempts at civilian protection. Flint and de Waal provide an authoritative and compelling account of contemporary Africa's most controversial conflict."--Jacket.
651 0 _aSudan
_xHistory
_yCivil War, 1983-2005.
_910270
651 0 _aSudan
_xHistory
_yDarfur Conflict, 2003-
_910271
651 0 _aDarfur (Sudan)
_xHistory.
_910272
651 6 _aSoudan
_xHistoire
_y2003- (Conflit du Darfour)
_910273
651 6 _aDarfour (Soudan)
_xHistoire.
_910274
651 7 _aDarfur.
_2swd
_910275
700 1 _aDe Waal, Alexander.
_910276
710 2 _aInternational African Institute.
_910277
776 0 8 _iOnline version:
_aFlint, Julie.
_tDarfur.
_bRev. & updated ed.
_dLondon ; New York : Zed Books ; New York : Distributed in the USA exclusively by Palgrave Macmillan, 2008
_w(OCoLC)646536138
830 0 _aAfrican arguments.
_910278
856 4 1 _3ebrary
_uhttp://site.ebrary.com/id/10255127
856 4 1 _3Table of contents
_uhttp://bvbr.bib-bvb.de:8991/F?func=service&doc_library=BVB01&doc_number=016606144&line_number=0001&func_code=DB_RECORDS&service_type=MEDIA
942 _2lcc
_cBOOK
999 _c2272
_d2272